000 00953cam a2200277 i 4500
001 1322532
003 EG-ScBUE
005 20250521084128.0
008 700929t1970 maua f b 001 0 eng d
040 _aEG-ScBUE
_beng
_erda
_cEG-ScBUE
_dEG-ScBUE
082 0 4 _a532
_222
_bNEV
100 1 _aDe Nevers, Noel,
_d1932-
_97191
_eauthor.
245 1 0 _aFluid mechanics /
_cNoel De Nevers, The University of Utah.
264 1 _aReading, Massachusetts :
_bAddison-Wesley Publishing Company,
_c[1970]
264 4 _cc1970
300 _axiv, 514 pages :
_billustrations ;
_c25 cm.
336 _2rdacontent
_atext
_btxt
337 _aunmediated
_2rdamedia
_bn
338 _avolume
_bnc
_2rdacarrier
490 0 _aAddison-Wesley series in chemical engineering
504 _aIncludes bibliographical references and index.
650 7 _aFluid mechanics.
_97192
_2BUEsh
650 7 _aChemical engineering.
_97193
_2BUEsh
655 _vReading book
942 _2ddc
_cBB
999 _c12104
_d12104